Southville International School and Colleges
Your cart is empty.
  • Cart
  • Lists
    Public lists Eva Luna New books Lux_list list_1
    Your lists Log in to create your own lists
  • Log in to your account
  • Your cookies
  • Search history
Southville International School and Colleges
  • Advanced search
  • Recent comments
  • Most popular
  • Libraries

Log in to your account

Log in with GOOGLE


If you do not have an external account, but do have a local account, you can still log in:

  1. Home
  2. MARC view: How to cope with ten of life's toughest problems /
Normal view MARC view ISBD view

How to cope with ten of life's toughest problems / (Record no. 288472)

[ view plain ]
MARC details
000 -LEADER
fixed length control field 00500nam a22001697a 4500
003 - CONTROL NUMBER IDENTIFIER
control field PILC
005 - DATE AND TIME OF LATEST TRANSACTION
control field 20150825083425.0
008 - FIXED-LENGTH DATA ELEMENTS--GENERAL INFORMATION
fixed length control field 150825b xxu||||| |||| 00| 0 eng d
050 ## - LIBRARY OF CONGRESS CALL NUMBER
Classification number BJ 1581.2
Item number .P358 1975
100 ## - MAIN ENTRY--PERSONAL NAME
Personal name Peale, Norman Vincent.
245 ## - TITLE STATEMENT
Title How to cope with ten of life's toughest problems /
Statement of responsibility, etc Norman Vincent Peale.
260 ## - PUBLICATION, DISTRIBUTION, ETC. (IMPRINT)
Place of publication, distribution, etc New York :
Name of publisher, distributor, etc Guidepost Associates, Inc.,
Date of publication, distribution, etc 1975.
300 ## - PHYSICAL DESCRIPTION
Extent 58 pages ;
Dimensions 17 cm.
650 ## - SUBJECT ADDED ENTRY--TOPICAL TERM
Topical term or geographic name as entry element Life skills.
650 ## - SUBJECT ADDED ENTRY--TOPICAL TERM
Topical term or geographic name as entry element Optimism.
942 ## - ADDED ENTRY ELEMENTS (KOHA)
Source of classification or shelving scheme Library of Congress Classification
Koha item type Books
Holdings
Withdrawn status Lost status Source of classification or shelving scheme Damaged status Home library Current library Shelving location Date acquired Source of acquisition Total Checkouts Full call number Barcode Date last seen Price effective from Koha item type
    Library of Congress Classification   Archives Archives   08/25/2015 Donation   BJ 1581.2 .P358 1975 C19763 05/15/2018 08/25/2015 Books

How to cope with ten of life's toughest problems /

APA

Peale N. V., . (1975). How to cope with ten of life's toughest problems. New York: Guidepost Associates, Inc.

Chicago

Peale Norman Vincent, . 1975. How to cope with ten of life's toughest problems. New York: Guidepost Associates, Inc.

Harvard

Peale N. V., . (1975). How to cope with ten of life's toughest problems. New York: Guidepost Associates, Inc.

MLA

Peale Norman Vincent, . How to cope with ten of life's toughest problems. New York: Guidepost Associates, Inc. 1975.

  • Place hold
  • Print
  • Cite
  • Add to your cart (remove)
  • Save record
    BIBTEX Dublin Core MARCXML MARC (non-Unicode/MARC-8) MARC (Unicode/UTF-8) MARC (Unicode/UTF-8, Standard) MODS (XML) RIS
  • More searches
    Search for this title in:
    Other Libraries (WorldCat) Other Databases (Google Scholar) Online Stores (Bookfinder.com) Open Library (openlibrary.org)

Exporting to Dublin Core...

SOUTHVILLE LIBRARY

Southville International School and Colleges Library

1281 Tropical Ave. Cor. Luxembourg St., BF Homes International, Las Pinas City

Tel. No. 8256374 / 252358 Loc. 117/146

Powered by Koha